Statistics for A Level PE - Angular Motion

Click here to take the quiz!

General Stats

  • This quiz has been taken 9 times
  • The average score is 3 of 7

Answer Stats

DefinitionKeyword% Correct
The unit of measurement for anglesRadian
75%
Movement around a fixed pointAngular motion
63%
The smallest change in angle between the start and finish point of a rotationAngular displacement
50%
The rate of change of angular displacementAngular velocity
50%
The quantity of rotation a body possessesAngular momentum
38%
The rotational consequence of a force`Torque
38%
The rate of change of angular velocityAngular acceleration
25%

Score Distribution

Percentile by Number Answered

Percent of People with Each Score

Your Score History

You have not taken this quiz